<?xml version="1.0" encoding="UTF-8"?>
<record
    xmlns:xsi="http://www.w3.org/2001/XMLSchema-instance"
    xsi:schemaLocation="http://www.loc.gov/MARC21/slim http://www.loc.gov/standards/marcxml/schema/MARC21slim.xsd"
    xmlns="http://www.loc.gov/MARC21/slim">

  <leader>00666nam a22001817a 4500</leader>
  <controlfield tag="003">OSt</controlfield>
  <datafield tag="082" ind1=" " ind2=" ">
    <subfield code="a">577</subfield>
    <subfield code="b">GUN/RE</subfield>
  </datafield>
  <datafield tag="245" ind1=" " ind2=" ">
    <subfield code="a">Residue reviews V.14:</subfield>
    <subfield code="b">residues of pesticides and other foreign chemicals in food and feed</subfield>
  </datafield>
  <datafield tag="260" ind1=" " ind2=" ">
    <subfield code="a">Berlin</subfield>
    <subfield code="b">Springer - verlag</subfield>
    <subfield code="c">1966</subfield>
  </datafield>
  <datafield tag="300" ind1=" " ind2=" ">
    <subfield code="a">131p.</subfield>
  </datafield>
  <datafield tag="546" ind1=" " ind2=" ">
    <subfield code="a">English</subfield>
  </datafield>
  <datafield tag="650" ind1=" " ind2=" ">
    <subfield code="a">Purification of solvents for pesticide residue analysis</subfield>
  </datafield>
  <datafield tag="650" ind1=" " ind2=" ">
    <subfield code="a">Automated pesticide residue analysis and screening</subfield>
  </datafield>
  <datafield tag="650" ind1=" " ind2=" ">
    <subfield code="a">Biochemical and metabolic changes in plants induced by chlorophenoxy herbicides</subfield>
  </datafield>
  <datafield tag="650" ind1=" " ind2=" ">
    <subfield code="a">Review of the symposium on foreign materials in food</subfield>
  </datafield>
  <datafield tag="700" ind1=" " ind2=" ">
    <subfield code="a">Gunther, Francis A</subfield>
  </datafield>
  <datafield tag="942" ind1=" " ind2=" ">
    <subfield code="2">ddc</subfield>
    <subfield code="c">REF</subfield>
  </datafield>
  <datafield tag="999" ind1=" " ind2=" ">
    <subfield code="c">162879</subfield>
    <subfield code="d">162879</subfield>
  </datafield>
  <datafield tag="952" ind1=" " ind2=" ">
    <subfield code="0">0</subfield>
    <subfield code="1">0</subfield>
    <subfield code="2">ddc</subfield>
    <subfield code="4">0</subfield>
    <subfield code="7">1</subfield>
    <subfield code="8">REF</subfield>
    <subfield code="a">KAUCLV</subfield>
    <subfield code="b">KAUCLV</subfield>
    <subfield code="c">REF</subfield>
    <subfield code="d">2018-12-10</subfield>
    <subfield code="l">0</subfield>
    <subfield code="o">577 GUN/RE</subfield>
    <subfield code="p">906545</subfield>
    <subfield code="r">2018-12-10 00:00:00</subfield>
    <subfield code="w">2018-12-10</subfield>
    <subfield code="y">REF</subfield>
    <subfield code="z">Book transferred from CoH Library, Acc.No: 1053</subfield>
  </datafield>
</record>
